000 01035nac a22003257a 4500
001 BR8002953
003 BR-BrBNA
005 20240105114706.0
008 230509b bl.|||m| |||| 00| 0 por d
040 _aBR-BrBNA
_bpor
_cBiblioteca Nacional de Agricultura
072 _aF00
090 _a0550 BR8002953
100 1 _aSalgado, A.L.B.
100 1 _aLovadini, L.A.C.
100 1 _aPimentel, J.M.
100 1 _aGimenez, W.
100 1 _aAzzini, A.
100 1 _aPotascheff Junior, J.
110 1 _aInstituto Agronomico, Campinas, SP (Brasil)
245 1 _aInstrucoes para a Crotalaria juncea visando a producao de fibras [Canhamo da India; Brasil]
250 1 _a2. ed.
260 3 _aCampinas, SP (Brasil):
_c1980.
300 _a26 p.
490 _aBoletim - Instituto Agronomico (Brazil)
_vno. 198
_xISSN 0375-1538
500 _a10 ref.; Summaries (En, Pt); Received 13 Feb 1980
650 _aCrotalaria
650 _aPratica cultural
909 _a202312
_bLúcia Elande
_c55
_dLúcia Elande
942 _2AGRIS
_n0
_cMS
999 _c270771
_d270771